| 000 | 00514nam a2200157Ia 4500 | ||
|---|---|---|---|
| 008 | 170221s9999 xx 000 0 und d | ||
| 100 | _aEmma Short | ||
| 245 | _aBehaving Badly Online: Establishing Norms of Unacceptable Behaviours | ||
| 245 | _cEmma Short, Tyne Stanley, Mick Baldwin, Graham G Scott | ||
| 260 | _bStudies in Media and Communication | ||
| 260 | _c2013 | ||
| 300 | _a2 : | ||
| 650 | _xCommunication | ||
| 650 | _xMedia Arts | ||
| 856 | _uhttp://redfame.com/journal/index.php/smc/issue/view/06 | ||
| 999 |
_c308880 _d308880 |
||